Slovenian name in english translation Quiz Stats

 Plays Quiz not verified by Sporcle

Score 0/12 Timer 04:00
0 Plays Today
% Correct
Anthony Robbery
97.7%
Charlie Brown
94.5%
Jane Culprit
91.7%
Jake Thanks
89.9%
Eve Horseradish
88.5%
Paul Flathill
88%
Frankie Friday
86.2%
Peter Brick
85.3%
Theo Blackbird
83.9%
Ian Cloud
77.9%
Peter Delay
76%
Frank Joyful
75.1%

You're not logged in!

Compare scores with friends on all Sporcle quizzes.
OR
Log In

Sporcle TV

Today on Sporcle TV


Watch our educational content, quiz creation guides, and fun videos on Sporcle TV.

Show Comments

Extras

Top Quizzes Today


Score Distribution

Your Account Isn't Verified!

In order to create a playlist on Sporcle, you need to verify the email address you used during registration. Go to your Sporcle Settings to finish the process.

Report this User

Report this user for behavior that violates our Community Guidelines.

Details: